Peter und Samuel Birmann : Künstler, Sammler, Händler, Stifter : Katalog zur Ausstellung im Kunstmuseum Basel, 27. September 1997 bis 11. Januar 1998 /

Saved in:
Bibliographic Details
Corporate Author: Öffentliche Kunstsammlung Basel.
Other Authors: Birmann, Peter, 1758-1844., Birmann, Samuel, 1793-1847., Lindemann, Bernd Wolfgang.
Format: Book
Language:German
Published: Basel : Öffentliche Kunstsammlung Basel : Schwabe & Co., c[1997]
Subjects:
Tags: Add Tag
No Tags, Be the first to tag this record!
LEADER 01784nam a2200397 a 4500
001 007777128-1
005 20020606104010.5
008 981002s1997 sz ac bc 001 0dger d
010 |a  98205407  
020 |a 3720401057 (Kunstmuseum) 
020 |a 3796510736 (Schwabe) 
035 0 |a ocm39171989 
040 |a ZCU  |c ZCU  |d DLC  |d MH-FA 
042 |a lccopycat 
043 |a e-sz--- 
050 0 0 |a ND653.B48  |b A4 1997 
245 0 0 |a Peter und Samuel Birmann :  |b Künstler, Sammler, Händler, Stifter : Katalog zur Ausstellung im Kunstmuseum Basel, 27. September 1997 bis 11. Januar 1998 /  |c [Redaktion des Katalogs, Bernd Wolfgang Lindemann]. 
260 |a Basel :  |b Öffentliche Kunstsammlung Basel :  |b Schwabe & Co.,  |c c[1997] 
300 |a 134 p. :  |b ill. (some col.), ports.;  |c 29 cm. 
504 |a Includes bibliographical references (p. 121-127) and index. 
600 1 0 |a Birmann, Peter,  |d 1758-1844  |v Exhibitions. 
600 1 0 |a Birmann, Samuel,  |d 1793-1847  |v Exhibitions. 
610 2 0 |a Öffentliche Kunstsammlung Basel  |v Exhibitions. 
650 0 |a Landscape painting, Swiss  |y 18th century  |v Exhibitions. 
650 0 |a Landscape painting, Swiss  |y 19th century  |v Exhibitions. 
650 0 |a Romanticism in art  |z Switzerland  |v Exhibitions. 
650 0 |a Landscape painting  |z Switzerland  |z Basel  |v Exhibitions. 
650 0 |a Romanticism in art  |v Exhibitions. 
655 7 |a Exhibition catalogs.  |2 fast 
700 1 |a Birmann, Peter,  |d 1758-1844. 
700 1 |a Birmann, Samuel,  |d 1793-1847. 
700 1 |a Lindemann, Bernd Wolfgang. 
710 2 |a Öffentliche Kunstsammlung Basel. 
776 0 8 |i Online version:  |a Öffentliche Kunstsammlung Basel.  |t Peter und Samuel Birmann.  |d [Basel] : Öffentliche Kunstsammlung Basel : Schwabe & Co., c[1997]  |w (OCoLC)742306498 
988 |a 20020608 
906 |0 OCLC